000 00854nam a2200253Ia 4500
003 OSt
005 20220923212943.0
006 a|||||r|||| 00| 0
007 ta
008 220922b |||||||| |||| 00| 0 hin d
024 _a157,349
037 _cTextual
040 _aARTS
_cARTS
_bhin
041 _2hin
_ahin
082 _aO152:g(P:75), L8
100 _aदिनेश, संपा.
245 0 _aरस सिद्धान्त
_b इतिहास और मूल्यांकन
246 _aRas siddhānta: itihās aur mūlyāankana
260 _aआगरा
_b समीक्षालोक माला
_c1978
300 _a210 पृ.
_ccm.
650 _aहिन्दी साहित्य
_9156264
942 _hO152:g(P:75), L8
_cTEXL
_2CC
999 _c312566
_d312566